000 00381nam a2200121 4500
999 _c13761
_d13761
008 190403b ||||| |||| 00| 0 eng d
100 _938239
_aPadin, Mary Grace
245 _aGov't seeks WB help for program to insure public assets/
_cMary Grace Padin
260 _aPhilippines:
_bThe Philippine Star;
_cc2018.
300 _apage B8.
650 0 _938242
_aFinance.
942 _2ddc
_cPER